Erak's ransom / (Ranger's Apprentice Book 7) (Record no. 66375)
[ view plain ]
| 000 -LEADER | |
|---|---|
| fixed length control field | 01337cam a2200373 a 4500 |
| 001 - CONTROL NUMBER | |
| control field | BK0008487611 |
| 003 - CONTROL NUMBER IDENTIFIER | |
| control field | DLC |
| 005 - DATE AND TIME OF LATEST TRANSACTION | |
| control field | 20241220124405.0 |
| 008 - FIXED-LENGTH DATA ELEMENTS--GENERAL INFORMATION | |
| fixed length control field | 090330r20102007nyu c 000 1 eng d |
| 010 ## - LIBRARY OF CONGRESS CONTROL NUMBER | |
| LC control number | 2009011665 |
| 020 ## - INTERNATIONAL STANDARD BOOK NUMBER | |
| International Standard Book Number | 9780399252051 : HRD |
| Terms of availability | 18.99 |
| 020 ## - INTERNATIONAL STANDARD BOOK NUMBER | |
| International Standard Book Number | 0399252053 : HRD |
| Terms of availability | 18.99 |
| 037 ## - SOURCE OF ACQUISITION | |
| Source of stock number/acquisition | Penguin Group USA, Order Processing Dept 120 Woodbine st, Bergenfield, NJ, USA, 07621 |
| Note | SAN 201-3975 |
| 040 ## - CATALOGING SOURCE | |
| Original cataloging agency | DLC |
| Transcribing agency | DLC |
| Modifying agency | DLC |
| Description conventions | rda |
| 050 00 - LIBRARY OF CONGRESS CALL NUMBER | |
| Classification number | PZ7.F598284 |
| Item number | Er 2010 |
| 082 00 - DEWEY DECIMAL CLASSIFICATION NUMBER | |
| Classification number | [Fic] |
| Edition number | 22 |
| 092 ## - LOCALLY ASSIGNED DEWEY CALL NUMBER (OCLC) | |
| Classification number | FIC |
| 100 1# - MAIN ENTRY--PERSONAL NAME | |
| Personal name | Flanagan, John |
| Fuller form of name | (John Anthony) |
| 9 (RLIN) | 53822 |
| 245 10 - TITLE STATEMENT | |
| Title | Erak's ransom / (Ranger's Apprentice Book 7) |
| Statement of responsibility, etc | John Flanagan. |
| 250 ## - EDITION STATEMENT | |
| Edition statement | 1st American ed. |
| 260 ## - PUBLICATION, DISTRIBUTION, ETC. (IMPRINT) | |
| Place of publication, distribution, etc | New York : |
| Name of publisher, distributor, etc | Philomel Books, |
| Date of publication, distribution, etc | 2010. |
| 264 ## - Production, Publication, Distribution, Manufacture, and Copyright Notice. | |
| Place of production, publication, distribution, manufacture | New York : |
| Name of producer, publisher, distributor, manufacturer | Philomel Books, |
| Date of production, publication, distribution, manufacture, or copyr | 2010. |
| 300 ## - PHYSICAL DESCRIPTION | |
| Extent | 373 p. ; |
| Dimensions | 24 cm. |
| 336 ## - Content Type | |
| Content type term | text |
| 337 ## - Media type | |
| Media type term | unmediated |
| 338 ## - Carrier type | |
| Carrier type term | volume |
| 440 ## - SERIES STATEMENT/ADDED ENTRY--TITLE | |
| Title | Ranger's Apprentice : |
| Volume number/sequential designation | Book 7. |
| 9 (RLIN) | 6185286 |
| 520 ## - SUMMARY, ETC. | |
| Summary, etc | On a mission to pay the ransom of a new ally, apprentice Will and his friends find themselves in a desert wasteland awash with enemies. |
| 650 #1 - SUBJECT ADDED ENTRY--TOPICAL TERM | |
| Topical term or geographic name as entry element | Apprentices |
| Form subdivision | Fiction. |
| 9 (RLIN) | 5674404 |
| 650 #1 - SUBJECT ADDED ENTRY--TOPICAL TERM | |
| Topical term or geographic name as entry element | War |
| Form subdivision | Fiction. |
| 9 (RLIN) | 6364932 |
| 650 #1 - SUBJECT ADDED ENTRY--TOPICAL TERM | |
| Topical term or geographic name as entry element | Deserts |
| Form subdivision | Fiction. |
| 9 (RLIN) | 5730896 |
| 650 #1 - SUBJECT ADDED ENTRY--TOPICAL TERM | |
| Topical term or geographic name as entry element | Fantasy. |
| 9 (RLIN) | 6202224 |
| 942 00 - ADDED ENTRY ELEMENTS (KOHA) | |
| Source of classification or shelving scheme | Dewey Decimal Classification |
| Koha item type | BOOK |
| Withdrawn status | Lost status | Source of classification or shelving scheme | Damaged status | Not for loan | Collection code | Home library | Current library | Shelving location | Date acquired | Source of acquisition | Serial Enumeration / chronology | Total Checkouts | Total Renewals | Full call number | Barcode | Checked out | Date last seen | Date checked out | Cost, replacement price | Price effective from | Koha item type |
|---|---|---|---|---|---|---|---|---|---|---|---|---|---|---|---|---|---|---|---|---|---|
| Dewey Decimal Classification | Junior Fiction | Wasatch County Library | Wasatch County Library | Main Floor Junior Area | 06/30/2021 | Donation | #7 | 22 | 27 | J Flanagan | 34301001802281 | 05/05/2026 | 03/09/2026 | 03/09/2026 | 15.90 | 06/30/2021 | BOOK |
